000 00738nam a2200241Ia 4500
003 OSt
005 20220925222815.0
006 a|||||r|||| 00| 0
007 ta
008 220923b |||||||| |||| 00| 0 eng d
020 _a0745617840
037 _cGeneral Book
040 _aRTL
_cRTL
_beng
041 _2eng
_aeng
082 _aY:3(Q).7918.N9, N6
100 _aLehmann David
_9280771
245 0 _aStruggle for the spirit
_b Religious transformation and poplar culture in Brazil and Latin America
260 _aLondon
_bPolity Press
_c1996
300 _axiii, 244p
_ccm.
500 _aBibliography chapterwise
942 _hY:3(Q).7918.N9, N6
_cGB
_2CC
999 _c577865
_d577865